| 000 | 00632nam a22002057a 4500 | ||
|---|---|---|---|
| 999 |
_c11177 _d11177 |
||
| 003 | AR-CdUCM | ||
| 008 | 190403b ||||| |||| 00| 0 spa d | ||
| 040 |
_aMUNICIPALIDAD PROVINCIAL DEL CUSCO _cBIBLIOTECA MUNICIPAL DEL CUSCO |
||
| 082 |
_aES / 460.153 / _bR74 |
||
| 100 |
_aRodríguez Aguilar, Sergio _928397 |
||
| 245 | _aRazonamiento Verbal 4 / | ||
| 260 |
_aLima : _bEdiciones Biblos. |
||
| 300 |
_a192 páginas ; _bTablas, ilustraciones _c24cm |
||
| 505 | _aContenido: Lecturas | ||
| 650 |
_aComprensión lectora _94534 |
||
| 650 |
_aLecturas _96094 |
||
| 650 |
_aR. V. _928398 |
||
| 942 |
_2ddc _cLIBROS |
||
| 945 | _anom | ||